000 00303nam a2200121Ia 4500
008 190216s9999||||xx |||||||||||||| ||und||
100 _aSundra Raju
245 0 _aShort Stories For Colleges
260 _bOxford University Press
_c1978
300 _a159p
650 _aEnglish Short Stories
942 _cBK
999 _c12935
_d12935